[Event "Dortmund Sparkassen op-B"]
[Site "Dortmund"]
[Date "2012.07.15"]
[Round "2"]
[White "Schaper, Cornelius"]
[Black "Singh, Marcel"]
[Result "0-1"]
[WhiteElo "1411"]
[BlackElo "1893"]
[PlyCount "60"]
[EventDate "2012.07.14"]
[EventType "swiss"]
[EventRounds "9"]
[EventCountry "GER"]
[SourceTitle "EXT 2014"]
[Source "ChessBase"]
[SourceDate "2013.11.20"]
[SourceVersion "1"]
[SourceVersionDate "2013.11.20"]
[SourceQuality "1"]

1. e4 Nf6 2. e5 Nd5 3. c4 Nb6 4. d4 d6 5. exd6 cxd6 6. Nf3 g6 7. Be2 Bg7 8. 0-0 0-0 9. Be3 Nc6 10. Qd2 Bg4 11. Na3 e5 12. d5 Ne7 13. Rac1 Nf5 14. b3 h6 15. Nb5 a6 16. Nc3 Nxe3 17. fxe3 Rc8 18. e4 f5 19. a4 Nd7 20. Ra1 Nc5 21. Qc2 Nxe4 22. Nxe4 fxe4 23. Qxe4 Qb6+ 24. Kh1 Bf5 25. Qh4 e4 26. a5 Qe3 27. Rae1 exf3 28. Rxf3 Qg5 29. Qxg5 hxg5 30. g4 Be4 0-1